000 00677cam a2200193 i 4500
003 IT-RoINE
005 20200604081702.0
008 920725s1940 sp r | spa d
040 _aSpMaBN
_cA2 IT-RoINE
_dIT-RoINE
100 1 _aHuidobro Pardo, Enrique
_967554
245 1 0 _aEscarmentemos :
_bmeditaciones de un refugiado, con un epílogo de asalto al Consulado /
_cpor Enrique Huidobro Pardo.
260 _aMadrid :
_bFax,
_c1940.
300 _a285 p. ;
_c19 cm.
336 _2rdacontent
_atext
337 _2rdamedia
_aunmediated
338 _2rdacarrier
_avolume
651 4 _966404
_aMadrid (España)
_vRelatos personales
_xHistoria
_y1936-1939 (Guerra civil)
942 _cMTS
999 _c34296
_d34296